| 000 | 01134nam a2200241Ia 4500 | ||
|---|---|---|---|
| 003 | Ost | ||
| 005 | 20260507075020.0 | ||
| 008 | 260507s9999||||xx |||||||||||||| ||und|| | ||
| 020 | _a×977212064 | ||
| 040 | _cfsecg | ||
| 041 | _aara | ||
| 082 | _a658.02 | ||
| 100 |
_aالمصري، أحمد محمد _eمؤلف |
||
| 245 | 0 |
_aإدارة شركات المقاولات / _c أحمد محمد المصري |
|
| 260 |
_aالإسكندرية: _bمؤسسة شباب الجامعة, _c1998 |
||
| 300 |
_a96 صفحة؛ _bإيضاحات ؛ _c24 سم |
||
| 490 | _aإدارة المنشآت المتخصصة | ||
| 520 | _aالقواعد العامة للإدارة- تصنيف المقاولات طبقا لتعددها وتنوعها- الموارد والمخزون وكيفية الارتباط مع العملاء- مشاكل شركات المقاولات والمقاولين في مصر- إدارة شركات المباني والإنشاءات- عرض حالات عملية | ||
| 653 | _aالشركات- تنظيم و ادارة | ||
| 653 | _aالمقاولات | ||
| 653 | _aالمنشآت-ادارة | ||
| 942 | _cكتاب | ||
| 999 |
_c42268 _d42268 |
||